El Sector exportador de una economía colonial La costa del Ecuador: 1760 - 1830

Guardado en:
書目詳細資料
主要作者: Contreras C, Carlos
格式: Texto
出版: Quito: FLACSO
標簽: 添加標簽
沒有標簽, 成為第一個標記此記錄!

MARC

LEADER 00000 a a2200000 04500
001 24467
003
040
020 |a 9978-67-002-5  
090 |a 166900  
100 |a Contreras C, Carlos  
245 |a El Sector exportador de una economía colonial La costa del Ecuador: 1760 - 1830  
260 |a Quito:   |b FLACSO  
300 |a 192 p   |b **no definido**   |b fonodiscos  
999 |c 12734  |d 12734